MARC details
| 000 -CABECERA |
| campo de control de longitud fija |
02704nam a2200385 i 4500 |
| 001 - NÚMERO DE CONTROL |
| campo de control |
ssj0001083062 |
| 003 - IDENTIFICADOR DEL NÚMERO DE CONTROL |
| campo de control |
WaSeSS |
| 005 - FECHA Y HORA DE LA ÚLTIMA TRANSACCIÓN |
| campo de control |
20250618094220.0 |
| 006 - CÓDIGOS DE INFORMACIÓN DE LONGITUD FIJA--CARACTERÍSTICAS DEL MATERIAL ADICIONAL |
| campo de control de longitud fija |
m d |
| 007 - CAMPO FIJO DE DESCRIPCIÓN FÍSICA--INFORMACIÓN GENERAL |
| campo de control de longitud fija |
cr n |
| 008 - DATOS DE LONGITUD FIJA--INFORMACIÓN GENERAL |
| campo de control de longitud fija |
121128s2013 maua s 001 0 eng d |
| 010 ## - NÚMERO DE CONTROL DE LA BIBLIOTECA DEL CONGRESO |
| Número de control de LC |
2012045970 |
| 020 ## - NÚMERO INTERNACIONAL ESTÁNDAR DEL LIBRO |
| Número Internacional Estándar del Libro |
9781422189856 |
| 040 ## - FUENTE DE LA CATALOGACIÓN |
| Centro catalogador/agencia de origen |
DLC |
| Lengua de catalogación |
eng |
| Centro/agencia transcriptor |
DLC |
| Centro/agencia modificador |
DLC |
| -- |
WaSeSS |
| 041 ## - CÓDIGO DE LENGUA |
| Código de lengua del texto/banda sonora o título independiente |
eng |
| 042 ## - CÃDIGO DE AUTENTICACIÃN |
| Código de autenticación |
pcc |
| 050 00 - SIGNATURA TOPOGRÁFICA DE LA BIBLIOTECA DEL CONGRESO |
| Número de clasificación |
HD53 |
| Número de documento/Ítem |
.H394 2013 |
| 245 00 - MENCIÓN DE TÍTULO |
| Título |
HBR's 10 must reads on innovation |
| 246 ## - FORMA VARIANTE DE TÍTULO |
| Título propio/Titulo breve |
HBR's ten must reads on innovation |
| 246 ## - FORMA VARIANTE DE TÍTULO |
| Título propio/Titulo breve |
On innnovation |
| 246 ## - FORMA VARIANTE DE TÍTULO |
| Título propio/Titulo breve |
Harvard Business Review's 10 must reads on innovation |
| 246 ## - FORMA VARIANTE DE TÍTULO |
| Título propio/Titulo breve |
Harvard business review. Selections. |
| 260 ## - PUBLICACIÓN, DISTRIBUCIÓN, ETC. |
| Lugar de publicación, distribución, etc. |
Boston, Massachusetts : |
| Nombre del editor, distribuidor, etc. |
Harvard Business Review Press, |
| Fecha de publicación, distribución, etc. |
2013. |
| 300 ## - DESCRIPCIÓN FÍSICA |
| Extensión |
v, 179 pages : |
| Otras características físicas |
illustrations ; |
| Dimensiones |
21 cm. |
| 490 ## - MENCIÓN DE SERIE |
| Mención de serie |
HBR's 10 must reads series |
| 500 ## - NOTA GENERAL |
| Nota general |
Includes index. |
| 505 ## - NOTA DE CONTENIDO CON FORMATO |
| Nota de contenido con formato |
The innovation catalysts / Roger L. Martin — Stop the innovation wars / Vijay Govindarajam and Chris Trimble — How GE in disrupting itself / Jeffrey R. Immelt, Vijay Govindarajam and Chris Trimble — The customer-centered innovation map / Lance A. Bettencourt and Anthony W. Ulwick — Is it real? Can we win? Is it worth doing? / George S. Day — Six myths of product development / Stefan Thomke and Donald Reinertsen — Innovation: the classic traps / Rosabeth Moss Kanter — Discovery-driven planning / Rita Gunther McGrath and Ian C. MacMillan — The discipline of innovation / Peter F. Drucker — Innovation killers / Clayton M. Christensen, Stephen P. Kaufman, and Willy C. Shih. |
| 520 ## - SUMARIO, ETC. |
| Sumario, etc. |
To innovate profitably, you need more than just creativity. Do you have what it takes?<br/><br/>If you read nothing else on inspiring and executing innovation, read these 10 articles. We’ve combed through hundreds of articles in the Harvard Business Review archive and selected the most important ones to help you innovate effectively.<br/><br/>Leading experts such as Clayton Christensen, Peter Drucker, and Rosabeth Moss Kanter provide the insights and advice you need to: <br/>Decide which ideas are worth pursuing; <br/>Innovate through the front lines―not just from the top; <br/>Adapt innovations from the developing world to wealthier markets; <br/>Tweak new ventures along the way using discovery-driven planning; <br/>Tailor your efforts to meet customers’ most pressing needs; <br/>Avoid classic pitfalls such as stifling innovation with rigid processes. |
| 650 #0 - PUNTO DE ACCESO ADICIONAL DE MATERIA--TÉRMINO DE MATERIA |
| Término de materia o nombre geográfico como elemento de entrada |
Creative ability in business |
| 9 (RLIN) |
4129 |
| 650 #0 - PUNTO DE ACCESO ADICIONAL DE MATERIA--TÉRMINO DE MATERIA |
| Término de materia o nombre geográfico como elemento de entrada |
Creative thinking |
| 9 (RLIN) |
7027 |
| 650 #0 - PUNTO DE ACCESO ADICIONAL DE MATERIA--TÉRMINO DE MATERIA |
| Término de materia o nombre geográfico como elemento de entrada |
Diffusion of innovations |
| Subdivisión general |
Management |
| 9 (RLIN) |
25507 |
| 650 #0 - PUNTO DE ACCESO ADICIONAL DE MATERIA--TÉRMINO DE MATERIA |
| Término de materia o nombre geográfico como elemento de entrada |
Technological innovations |
| Subdivisión general |
Management |
| 9 (RLIN) |
2562 |
| 650 #0 - PUNTO DE ACCESO ADICIONAL DE MATERIA--TÉRMINO DE MATERIA |
| Término de materia o nombre geográfico como elemento de entrada |
New products |
| 9 (RLIN) |
8236 |
| 942 ## - ELEMENTOS DE ENTRADA AGREGADA (KOHA) |
| Fuente del sistema de clasificación o colocación |
Clasificación de Library of Congress |